1773 1191 1638 1305 1810 1783 1611 1036 1116 1975 1705 1083 1131 1217 1330 1939 1951 1569 1456 1895 1519 1093 1236 1062 1856 1698 1890 1797 1484 1608 1187 1917 1676 1727 1360 1397 1300 1008 1621 1889 1108 1037 1368 1019 1850 1666 1173 1174 1068 1981 1524 1307 1869 1360 1386 1968 1836 1493 1840 1055 1139 1726 1304 1162 1802 1802 1521 1149 1424 1881 1758 1305 1853 1797 1310 1382 1574 1762 1007 1252 1066 1135 1163 1977 1794 1397 1705 1145 1500 1250 1795 1258 1740 1247 1943 1557 1554 1596 1977 BCNSPRNW ULIB Ver.6.0+V

เปลี่ยนเป็นภาษาไทย

Change to English
 แสดงรายละเอียดบรรณานุกรม
  กลับหน้าหลัก

Brief Record : Get Marc (ISO 2709) : E-mail record : QR code < ปิดหน้าต่าง
LEADER : 00000nam 2200000uu 4500
001    13399120927
003     ULIB
008    121026s2549||||th 000 0 tha d
020    ^a9749980166
050  4 ^aHA62^bร242ส
100 0  ^aระพินทร์ โพธิ์ศรี
245 10 ^aสถิติเพื่อการวิจัย =^bStatistics for research /^cระพินทร์ โพธิ์ศรี
246 31 ^aStatistics for research
250    ^aพิมพ์ครั้งที่ 1
260    ^aกรุงเทพฯ :^bสำนักพิมพ์แห่งจุฬาลงกรณ์มหาวิทยาลัย,^c2549.
300    ^a292 หน้า :^bภาพประกอบ ;^c26 ซม.+^eซีดี 1 แผ่น
650  4 ^aสถิติ
945    ^p220^l0^i14531
945    ^p220^l0^i14530
995    ^aทศพร
999    ^aทศพร เกษรทอง
รายการนี้ยังไม่มีแท็ก
คุณยังไม่ได้ล็อกอิน คุณสามารถมีกิจกรรมร่วมกับเว็บไซต์ได้ แต่ต้องล็อกอินก่อน ::
  ล็อกอิน

รายการสื่อสารสนเทศ

ลำดับที่ ประเภท เลขเรียก/บาร์โค้ด สถานที่ สถานะ
1. วิทยาศาสตร์การแพทย์ และสุขภาพ
วิทยาศาสตร์การแพทย์ และสุขภาพ
HA62 ร242ส ฉ.1 
  Barcode: 14530
ห้องสมุดวิทยาเขตสวรรค์ประชารักษ์
►หนังสือทั่วไป
บนชั้น
2. วิทยาศาสตร์การแพทย์ และสุขภาพ
วิทยาศาสตร์การแพทย์ และสุขภาพ
HA62 ร242ส ฉ.2 
  Barcode: 14531
ห้องสมุดวิทยาเขตสวรรค์ประชารักษ์
►หนังสือทั่วไป
บนชั้น

รายการใกล้เคียง
    ผู้แต่ง [ระพินทร์ โพธิ์ศรี]

    หัวเรื่อง [สถิติ]

BibComment


ยังไม่เคยถูกคอมเมนท์

คอมเมนท์ทรัพยากรรายการนี้
  คอมเมนท์: สถิติเพื่อการวิจ..


 Copyright 2026. Bcnsprnw @Library